Popularne zagraniczne piosenki w Polsce. 23-29.04 Spotify - Statystyki

Ogólne statystyki
  • Ten quiz został rozwiązany 5 razy
  • Średni wynik to 8 z 30
Statystyki odpowiedzi
Wykonawca Odsłuchania Utwór % Poprawnych
Lil Nas X 636K MONTERO (Call Me By Your Name)
75%
The Weeknd 322K Blinding Lights
50%
Riton, Nightcrawlers, Mufasa, Hypeman 584K Friday
50%
Doja Cat, SZA 388K Kiss Me More
50%
Dua Lipa, DaBaby 374K Levitating
50%
Miley Cyrus, Dua Lipa 223K Prisoner
50%
The Weeknd 256K Save Your Tears
50%
The Weeknd, Ariana Grande 438K Save Your Tears (Remix)
50%
Robin Schulz, KIDDO 187K All We Got
25%
Tom Odell 282K Another Love
25%
Duncan Laurence 202K Arcade
25%
Masked Wolf 453K Astronaut In The Ocean
25%
Olivia Rodrigo 259K deja vu
25%
Olivia Rodrigo 322K drivers license
25%
24kGoldn, iann dior 204K Mood
25%
MEDUZA, Dermot Kennedy 253K Paradise
25%
Justin Bieber, Daniel Caesar, Giveon 448K Peaches
25%
AURORA 291K Runaway
25%
The Neighbourhood 250K Sweater Weather
25%
Ofenbach, Lagique 264K Wasted Love
25%
Harry Styles 249K Watermelon Sugar
25%
Joel Corry, MNEK 220K Head & Heart
0%
Ofenbach, Quarterhead, Norma Jean Martine 210K Head Shoulders Knees & Toes
0%
Bruno Mars, Anderson .Paak, Silk Sonic 232K Leave The Door Open
0%
Ava Max 223K My Head & My Heart
0%
Doja Cat 209K Streets
0%
Tiësto 358K The Business
0%
Nathan Evans, 220 KID 200K Wellerman - Sea Shanty
0%
Dua Lipa 219K We're Good
0%
ATB, Topic, A7S 279K Your Love (9PM)
0%
Nie znaleziono quizów pasujących do podanych kryteriów
Rozkład punktacji
Procent ludzi z każdym wynikiem
Percentyl według liczby udzielonych odpowiedzi
Twoja historia wyników
Nie rozwiązałeś tego quizu